000 00694nam a2200241Ia 4500
003 OSt
005 20220918214436.0
006 a|||||r|||| 00| 0
007 ta
008 220917b |||||||| |||| 00| 0 eng d
024 _a137,555
037 _cTextual
040 _aARTS
_cARTS
_beng
041 _2eng
_aeng
082 _aXM25,9.2.N7, L2
110 _aSmall Industries Extension Training Institute (Hyderabad)
_9131387
245 0 _aCase studies on industrial cooperatives
260 _c1972
650 _aECONOMICS
700 _aSmall Industries Extension Training Institute (Hyderabad)
_9131388
942 _hXM25,9.2.N7, L2
_cTEXL
_2CC
999 _c260635
_d260635